00844nam a2200241 a 450000100060000000300080000600500170001400800410003103500190007204000320009104100080012308200260013110000290015724500850018626000650027130000250033650000100036165000400037170000280041194200120043999900170045195201340046847072BD-RjUL20211209054245.0160807m19621956onc 001 0 eng  a(BD-RjUL)47191 aDLCcWSUdEQOdBD-RjULbeng aeng a330.971223bINE 19621 aInnis, Harold A.914336410aEssays in Canadian economic history /cHarold A. Innis ; edited by Mary Q. Innis aToronto:bUniversity of Toronto Press,c1956, [Reprint 1962] aiv, 418 p. ;c24 cm. aindex aEconomic conditionsyCanada9143365 aInnis, Mary Q. 9143366 2ddccBK c47072d47072 00102ddc40708NFICaRUCLbRUCLcStackd1974-03-11eCanada govt.l0o330.971 INE 1962r2016-08-07 00:00:00tC-2w2016-08-07yBK